Ambientes saludables.

Збережено в:
Бібліографічні деталі
Автор: Brooker, Liz ed, (autor)
Інші автори: Woodhead, Martin ed (autor) ed, (autor)
Формат: Книга
Мова:Іспанська
Серія:(La primera infancia en perspectiva; 4)
Предмети:
Теги: Додати тег
Немає тегів, Будьте першим, хто поставить тег для цього запису!

MARC

LEADER 00000nam^a2200000^u^4500
001 000525590
005 20250521000000.0
008 130320s10001000^^^^cr^^r^^^^^000^0^spa^d
009 20260310130650.127
022 |a 9781780074481 
035 |a FCE 000069835 
037 |a Acervo ITESO - Biblioteca 
041 |a spa 
082 0 4 |a 362.7  |b BROa 
100 |a Brooker, Liz  |e ed  |e (autor) 
245 1 0 |a Ambientes saludables. 
264 |a Reino Unido:  |b The Open University,  |c 2012. 
300 |a 54 p. 
336 |a texto  |b txt  |2 rdacontenido 
337 |a sin mediación  |b n  |2 rdamedio 
338 |a volumen  |b nc  |2 rdasoporte 
440 1 |a (La primera infancia en perspectiva; 4) 
649 |a XX 
650 |a Desarrollo infantil 
650 |a Derechos del niño 
650 |a Espacios sociales 
700 |a Woodhead, Martin  |e ed  |e (autor) 
910 |a Fondo Centro de Estudios Educativos 
920 |a Impresos - Libros 
930 |a Fondos Especiales 
905 |a 133 
901 |a ALE073811  |b IT2  |c CEE  |u 20250521 
902 |a https://opac.biblio.iteso.mx/vufind/Record/000525590